Modified Hydraulic Table (Record no. 88564)
[ view plain ]
| 000 -LEADER | |
|---|---|
| fixed length control field | 03649nam a22002777a 4500 |
| 005 - DATE AND TIME OF LATEST TRANSACTION | |
| control field | 20251104125154.0 |
| 008 - FIXED-LENGTH DATA ELEMENTS--GENERAL INFORMATION | |
| fixed length control field | 251028b ||||| |||| 00| 0 eng d |
| 043 ## - GEOGRAPHIC AREA CODE | |
| Geographic area code | URS |
| 245 ## - TITLE STATEMENT | |
| Title | Modified Hydraulic Table |
| Remainder of title | / Acapulo, Hope Earl L.... [et al.]. |
| 260 ## - PUBLICATION, DISTRIBUTION, ETC. | |
| Date of publication, distribution, etc. | March 2024 |
| 300 ## - PHYSICAL DESCRIPTION | |
| Extent | 88 leaves : |
| Dimensions | 28 cm. |
| 336 ## - CONTENT TYPE | |
| Source | rdacontent |
| Content type term | text |
| 337 ## - MEDIA TYPE | |
| Source | rdamedia |
| Media type term | unmediated |
| 338 ## - CARRIER TYPE | |
| Source | rdacarrier |
| Carrier type term | volume |
| 502 ## - DISSERTATION NOTE | |
| Dissertation note | Thesis |
| Degree type | Bachelor of Technology Major in Automotive Technology |
| Name of granting institution | University of Rizal System-Morong |
| Year degree granted | 2024 |
| 520 ## - SUMMARY, ETC. | |
| Summary, etc. | The main objective of this study is to develop a Modified Hydraulic Table specifically it sought to design and construct, perform try-out and revision, determine the level of performance, determine the level of acceptability and developed a user’s manual intended for the unit. This study was conducted in the year 2022- 2023, while the subjects of the study were five (5) Automotive, three (3) Mechanical, two (2) Electrical Technology experts and twenty (20) end - users, chosen through purposive sampling. The study used the descriptive quantitative survey method with the modified questionnaire- checklist validated by the experts was used as the main instrument in gathering the needed data. The data were gathered, tabulated, and interpreted using qualitative discussion method, and mean as the statistical treatments, to design and construct the modified hydraulic table, to present try-out and revision, and to develop user’s manual, qualitative discussion method was used, and mean was used to determine the level of acceptability of modified hydraulic table with respect to different variables. In the design and construction of the Modified Hydraulic Table, the working drawings on how to construct each part of the project was used as guide for constructing the project. The Modified Hydraulic Table was built using locally available materials. Additionally, it is electrical and automatic hydraulic operated. It is also powered by 12 volts battery. The maximum capacity of the Modified Hydraulic Table is 100 kilograms and can be operated indoors and outdoors. Lastly, it could be used in carrying heavy duty equipment and a working table. In the try-out and revision, the developed Modified Hydraulic Table went through series of try outs and revisions to determine the design, durability, functionality, portability, safety and maintenance of the project. Few revisions were done and finally its purpose was obtained. In terms of the load lifting capacity in kilograms as evaluated by the researchers in the modified hydraulic table, the table is extremely capable and can lift up to 100 kilograms load. The researchers provided a detailed user’s manual wherein the short reminders, maintenance, specifications and instructions are included. The user’s manual includes all the information about the product. It provides instructions on how to properly use and maintain the product. The Modified Hydraulic Table performed within standard level in terms of load lifting capacity and extremely acceptable in terms of design, durability, functionality, portability, safety and maintenance. |
| 700 ## - ADDED ENTRY--PERSONAL NAME | |
| Personal name | Acapulco, Hope Pearl L. |
| Relator term | author |
| 700 ## - ADDED ENTRY--PERSONAL NAME | |
| Personal name | Agustin, Junior R. |
| Relator term | author |
| 700 ## - ADDED ENTRY--PERSONAL NAME | |
| Personal name | Dela Cruz, Ronnie May B. |
| Relator term | author |
| 700 ## - ADDED ENTRY--PERSONAL NAME | |
| Personal name | Taningco, Julius Ceasar C. |
| Relator term | author |
| 700 ## - ADDED ENTRY--PERSONAL NAME | |
| Personal name | San Felipe, Kole U. |
| Relator term | author |
| 700 ## - ADDED ENTRY--PERSONAL NAME | |
| Personal name | San Juan, Verlee B. |
| 856 ## - ELECTRONIC LOCATION AND ACCESS | |
| Materials specified | Online Request for Student Unpublished Works |
| Uniform Resource Identifier | <a href="https://forms.gle/7LqvGGkaDrUQqz429">https://forms.gle/7LqvGGkaDrUQqz429</a> |
| 856 ## - ELECTRONIC LOCATION AND ACCESS | |
| Uniform Resource Identifier | <a href="https://drive.google.com/file/d/1vv0hkkMi9G6mgfoGlN9BzcKoxcX7Qhyg/view?usp=drive_link">https://drive.google.com/file/d/1vv0hkkMi9G6mgfoGlN9BzcKoxcX7Qhyg/view?usp=drive_link</a> |
| 942 ## - ADDED ENTRY ELEMENTS (KOHA) | |
| Source of classification or shelving scheme | Library of Congress Classification |
| Koha item type | Theses and dissertations |
| Withdrawn status | Source of classification or shelving scheme | Damaged status | Not for loan | Collection code | Home library | Current library | Date acquired | Total Checkouts | Barcode | Date last seen | Price effective from | Koha item type |
|---|---|---|---|---|---|---|---|---|---|---|---|---|
| Library of Congress Classification | Reference | Morong College Library | Morong College Library | 10/28/2025 | URSMOR-CL-6718 | 10/28/2025 | 10/28/2025 | Theses and dissertations |